01939cam a22002655a 45000010009000000050017000090080041000260200025000670400033000920820021001251000036001462450074001822600066002563000026003225000024003485040031003725050199004035200823006026500054014256510010014796530020014899420008015099990017015179520139015341831085420201128023740.0140922s2015 enk frb 001 0 eng d a9780230292048 (pbk.) aDLCbengcDLCdDLCdEG-ScBUE04a327.101222bLAN1 aLang, Anthony F.,d1968-94004310aInternational political theory :ban introduction /cAnthony F. Lang. aLondon ;aNew York :bPalgrave :bMacmillan Education,c2015. axii, 234 p. ;c24 cm. aIndex : p. 231-234. aBibliography : p. 201-230.8 aMachine generated contents note: -- 1. Introduction -- 2. Authority -- 3. Rules and Laws -- 4. Rights and Responsibilities -- 5. Wealth -- 6. Violence -- 7. Nature -- 8. Belief -- 9. Conclusion. a"This innovative text explores international relations with the tools of political theory. In so doing, it contributes to and advances the idea of international political theory. The book focuses on four key concepts - authority, rules, rights, and responsibilities - and four important topics - wealth, violence, nature and belief. In each of these areas, the book draws on key figures in political theory to explore, explain and evaluate the current global order. Chapters address such contested issues as humanitarian intervention, LGBT rights, climate change, and our collective responsibilities for alleviating global poverty. The book invites students into a conversation about international political theory, one that will help orient them in an increasingly complicated and pluralist international order. "-- 7aInternational relationsxPhilosophy.2BUEsh92834 2BUEsh bBUSBOLcMay2016 2ddc c21789d21761 00102ddc40708AlahramaMAINbMAINc1STd2016-05-22ePurchaseg299.00h2l0o327.101 LANp000032551r2025-07-15 00:00:00v373.75yBB